| 000 -LEADER |
| fixed length control field |
00663nam a2200193 a 4500 |
| 001 - CONTROL NUMBER |
| control field |
:::00006842$&:&@@ |
| 003 - CONTROL NUMBER IDENTIFIER |
| control field |
OkBaRHE |
| 005 - DATE AND TIME OF LATEST TRANSACTION |
| control field |
20000607103333.0 |
| 008 - FIXED-LENGTH DATA ELEMENTS--GENERAL INFORMATION |
| fixed length control field |
s1842 j 000 0 eng u |
| 040 ## - CATALOGING SOURCE |
| Transcribing agency |
|
| 100 1# - MAIN ENTRY--PERSONAL NAME |
| Personal name |
Harris, John. |
| 245 14 - TITLE STATEMENT |
| Title |
The great commission: |
| Remainder of title |
or, the Christian Church constituted and charged to convey the Gospel to the world. |
| 260 ## - PUBLICATION, DISTRIBUTION, ETC. (IMPRINT) |
| Place of publication, distribution, etc |
Boston, MA., : |
| Name of publisher, distributor, etc |
Gould, Kendall and Lincoln |
| Date of publication, distribution, etc |
1842 |
| 300 ## - PHYSICAL DESCRIPTION |
| Extent |
494 p. : illus., chart ; |
| Dimensions |
21 cm. |
| 650 ## - SUBJECT ADDED ENTRY--TOPICAL TERM |
| Topical term or geographic name as entry element |
Mission of the Church |
| 650 ## - SUBJECT ADDED ENTRY--TOPICAL TERM |
| Topical term or geographic name as entry element |
Missions |
| 942 ## - ADDED ENTRY ELEMENTS (KOHA) |
| Source of classification or shelving scheme |
|
| Koha item type |
Books |